000 00621aas a2200181 4500
999 _c50112
_d50112
001 768714001
003 CO-MdFUSB
005 20170912152802.0
008 170912s2001 ag ||||| |||| 00| 0 spa d
022 _a0326-6737
040 _aCO-MdFUSB
_bspa
_cCO-MdFUSB
_dCO-MdFUSB
041 _aspa
100 1 _aAlbertsen, Andrés R.
_eautor
245 1 0 _aEl descubrimiento incomparable del teólogo danés N. F. S. Grundtvig
_c/ Albertsen, Andrés R.
300 _aVolumen 20 (2001), páginas 101-114
_c: 23 cm.
773 0 _tCuadernos de Teología
_049404
_959701
_gVolumen 20 (2001), páginas 101-114
_qPágina 101
942 _cANA